Espagne - Tout les joueurs depuis 2010 - Statistiques

Statistiques générales
  • Ce quiz a été pris 247 fois
    81 depuis la dernière actualisation
  • Le résultat moyen est 87 sur 175
Statistiques - réponses
Période
de
Séléction
Joueur Clubs Nombre
de
Séléctions
Poste % Correct
2006 - 2018 AndresIniesta Barcelone - Vissel Kobe - Emirates Fc 131 M
100%
2014 - 2014 KikoCasilla Castilla Madrid - Esapnyol - Cadiz - Cartagena - Espanyol - Real Madrid - Leeds - Elche - Getafe 1 G
99%
2009 - 2018 Gerard Pique Manchester United - Real Saragosse - Manchester United - Barcelone 102 D
97%
2005 - 2021 SergioRamos Seville - Real Madrid - Psg - Seville - Monterrey 180 D
97%
2011 - 2023 Jordi Alba Gimnastic - Valence - Barcelone - Inter Miami 93 D
94%
2009 - 2022 SergioBusquets Barcelone - Inter Miami 143 M
94%
2014 - AlvaroMorata Real Madrid - Juventus - Real Madrid - Chelsea - Atletico Madrid - Juventus - Atletico Madrid - Milan - Galatasaray - Como 87 A
93%
2000 - 2013 CarlesPuyol Barcelone 100 D
93%
2005 - 2017 DavidVilla Sporting Gijon - Sarragosse - Valence - Barcelone - Atletico Madrid - Malbourne City - New York City - Vissel Kobe 98 A
93%
2003 - 2014 FernandoTorres Atletico Madrid - Liverpool - Chelsea - Milan - Atletico Madrid - Sagan Tosu 110 A
91%
2020 - FerranTorres Valence - Manchester City - Barcelone 53 A
91%
2000 - 2016 IkerCasillas Real Madrid - Fc Porto 167 G
91%
2023 - LamineYamal Barcelone 23 A
91%
2021 - Pedri Las Palmas - Barcelone 38 M
91%
2021 - Gavi Barcelone 28 M
90%
2019 - PauTorres Villarreal - Malaga - Villarreal - Aston Villa 24 D
90%
2006 - 2016 CescFabregas Arsenal - Barcelone - Chelsea - Monaco - Como 110 M
88%
2006 - 2018 DavidSilva Eibar - Celta Vigo - Valence - Manchester City - Real Sociedad 125 M
88%
2013 - 2022 Koke Atletico Madrid 70 M
88%
2003 - 2014 XabiAlonso Eibar - Real Sociedad - Liverpool - Real Madrid - Bayern Munich 114 M
88%
2018 - Rodri Villarreal - Atletico Madrid - Manchester City 59 M
87%
2019 - FabianRuiz Betis - Elche - Betis - Napoli - Psg 41 M
85%
2000 - 2014 Xavi Hernandez Barcelone - Al Saad 133 M
85%
2021 - AymericLaporte Bilbao - Manchester City - Al Nassr - Bilbao 43 D
84%
2019 - DaniOlmo Dinamo Zagreb - RB Leipzig - Barcelone 46 M
84%
2022 - NicoWilliams Bilbao 30 A
84%
2021 - 2021 AbelRuiz Barcelone - Braga - Girona 2 A
82%
2016 - 2016 InakiWilliams Bilbao 1 A
82%
2010 - 2017 Pedro Barcelone - Chelsea - Roma - Lazio 65 A
82%
2014 - 2020 DavidDe Gea Atletico Madrid - Manchester United - Fiorentina 45 G
81%
2014 - DanielCarvajal Castilla Madrid - Bayer Leverkusen - Real Madrid 52 D
79%
2020 - UnaiSimon Bilbao 56 G
79%
2020 - MikelMerino Osasuna - Dortmund - Newcastle - Real Sociedad - Arsenal 41 M
78%
2011 - 2021 ThiagoAlcantara Barcelone - Bayern Munich - Liverpool 46 M
78%
2009 - 2024 JesusNavas Seville - Manchester City - Seville 56 D/M/A
76%
2016 - MikelOyarzabal Real Sociedad 51 A
76%
2023 - RobinLe Normand Real Sociedad - Atletico Madrid 27 D
76%
2008 - 2019 SantiCazorla Villarreal - Huelva - Villarreal - Malaga - Arsenal - Villarreal - Al Saad - Real Oviedo 81 M
76%
2013 - Isco Valence - Malaga - Real Madrid - Seville - Betis 39 M
75%
2016 - 2023 MarcoAsensio Majorque - Espanyol - Real Madrid - Psg - Aston Villa - Fenerbahce 38 A
75%
2018 - 2022 MarcosAlonso Real Madrid - Bolton - Fiorentina - Sunderland - Fiorentina - Chelsea - Barcelone - Celta Vigo 9 D
75%
2016 - 2022 DiegoLlorente Real Madrid - Vallecano - Malaga - Real Sociedad - Leeds - Roma - Betis 10 D
73%
2008 - 2013 FernandoLlorente Bilbao - Juventus - Swansea - Tottenham - Napoli - Udinese - Eibar 24 A
73%
2020 - MarcosLlorente Alaves - Real Madrid - Atletico Madrid 22 D/M
73%
2013 - 2022 CesarAzpilicueta Osasuna - Marseille - Chelsea - Atletico Madrid - Seville 44 D
72%
2021 - MarcCucurella Barcelona B - Eibar - Getafe - Brighton - Chelsea 22 D
72%
2010 - 2014 VictorValdes Barcelone - Manchester United - Standard Liège - Middlesbrough 20 G
72%
2014 - 2018 DiegoCosta Penafiel - Braga - Celta Vigo - Albacete - Valladolid - Atletico Madrid - Vallecano - Atletico Madrid - Chelsea - Atletico Madrid - Mineiro - Wolverhampton - Botafogo - Gremio 24 A
70%
2009 - 2016 Juan Mata Valence - Chelsea - Manchester United - Galatasaray - Vissel Kobe - Western Sydney - Melbourne Victory 41 M
70%
2013 - 2024 NachoFernandez Real Madrid - Al Qadsiah 29 D
70%
2022 - AlejandroBalde Barcelone 7 D
69%
2023 - AlejandroGrimaldo Barcelone B - Benfica - Bayer Leverkusen 11 D
69%
2024 - PauCubarsi Barcelone 10 D
69%
2023 - AleixGarcia Villarreal - Manchester City - Girona - Mouscron - Dinamo Bucarest - Eibar - Girona - Bayer Leverksuen 8 M
67%
2020 - AnsuFati Barcelone - Brighton - Barcelone - Monaco 10 A
67%
2022 - DavidRaya Blackburn - Brentford - Arsenal 11 G
67%
2020 - 2022 EricGarcia Manchester City - Barcelone - Girona - Barcelone 19 D
67%
2024 - FerminLopez Barca B - Linares - Barcelone 5 M
67%
2013 - InigoMartinez Real Sociedad - Bilbao - Barcelone - Al Nassr 21 D
67%
2019 - 2019 JaimeMata Lleida Esportiu - Girona - Valladolid - Getafe 1 A
67%
2012 - 2013 JaviGarcia Real Madrid - Osasuna - Real Madrid - Benfica - Manchester City - Zenith - Betis - Boavista 2 M
67%
2005 - 2017 PepeReina Barcelone - Villarreal - Liverpool - Bayern Munich - Napoli - Milan - Aston Villa - Lazio - Villarreal 36 G
67%
2012 - 2012 Adrian Lopez Oviedo - La Corogne - Alaves - Malaga - La Corogne - Atletico Madrid - Porto - Villarreal - Porto - La Corogne - Porto - Osasuna - Malaga 2 A
66%
2021 - 2022 CarlosSoler Valence - Psg - West Ham - Real Sociedad 14 M
66%
2023 - 2023 DavidGarcia Osasuna - Lyenosa - Osasuna - Al Rayyan 3 D
66%
2023 - FranGarcia Castilla Madrid - Vallecano - Real Madrid 2 D
66%
2016 - 2023 IagoAspas Celta Vigo - Liverpool - Seville - Celta Vigo 20 A
66%
2010 - 2014 JaviMartinez Bilbao - Bayern Munich - Qatar SC 18 M
66%
2021 - 2021 ManuGarcia Manchester City - Nac Breda - Toulouse - Sporting Gijon - Alaves - Aris Salonique 1 M
66%
2009 - 2010 PabloHernandez Cadiz - Getafe - Valence - Swansea - Al Arabi - Al Nasr - Rayo Vallecano - Leeds - Castellon 4 A
66%
2018 - 2019 PauLopez Espanyol - Tottenham - Espanyol - Betis - Roma - Marseille 2 G
66%
2014 - 2014 Raul Garcia Osasuna - Atletico Madrid - Osasuna - Atletico Madrid - Bilbao 2 M/A
66%
2021 - 2021 JosepMartinez Las Palmas - Rb Leipzig - Genoa - Inter 1 G
64%
2021 - MartinZubimendi Real Sociedad - Arsenal 24 M
63%
2019 - 2024 PabloSarabia Castilla Madrid - Getafe - Seville - Psg - Sporting Lisbonne - Psg - Wolverhampton - Al Arabi 27 A
63%
2021 - 2021 AlvaroFernandez Osasuna - Monaco B - Extremadura - Huesca - Brentford - Espanyol - Huesca 1 G
60%
2025 - DeanHuijsen Juventus - Roma - Bournemouth - Real Madrid 6 D
60%
2007 - 2021 RaulAlbiol Getafe - Valence - Real Madrid - Napoli - Villarreal - Pisa 58 D
60%
2021 - RobertSanchez Forest Green - Rochdale - Brighton - Chelsea 3 G
58%
2016 - 2019 SaulNiguez Atletico Madrid - Vallecano - Atletico Madrid - Chelsea - Atletico Madrid - Seville 19 M
58%
2018 - 2023 DaniCeballos Betis - Real Madrid - Arsenal - Real Madrid 18 M
55%
2016 - 2021 SergiRoberto Barcelone - Como 11 D/M
55%
2019 - GerardMoreno Villarreal - Majorque - Villarreal - Espanyol - Villarreal 18 A
54%
2016 - 2018 LucasVazquez Castilla Madrid - Espanyol - Real Madrid - Bayer Leverkusen 9 D/M/A
54%
2014 - 2016 MikelSan Jose Bilbao - Birmingham - Amorabieta 7 M
54%
2013 - 2017 AlbertoMoreno Seville - Liverpool - Villarreal - Como 4 D
52%
2012 - 2016 Juanfran Real Madrid - Espanyol - Osasuna - Atletico Madrid - Sao Paulo 22 D
52%
2017 - Kepa Arrizabalaga Bilbao - Chelsea - Real Madrid - Chelsea - Bournemouth - Arsenal 13 G
52%
2023 - 2024 Joselu Celta Vigo - Real Madrid - Hoffenheim - Eintracht Frankfurt - Hannover - Stoke - La Corogne - Newcastle - Alaves - Espanyol - Real Madrid - Al Gharafa 17 A
51%
2014 - 2019 Juan Bernat Valence - Bayern Munich - Psg - Benfica - Villarreal - Getafe 11 D
51%
2021 - PedroPorro Peralada - Girona - Valladolid - Sporting Lisbonne - Tottenham 15 D
51%
2013 - 2018 MarcBartra Barcelone - Dortmund - Betis - Trabzonspor - Betis 14 D
49%
2014 - 2019 PacoAlcacer Valence - Getafe - Valence - Barcelone - Dortmund - Villarreal - Sharjah Fc - Emirates Fc - Sharjah Fc 19 A
49%
2020 - 2021 AdamaTraore Barcelone - Aston Villa - Middlesbrough - Wolverhampton - Barcelone - Wolverhampton - Fulham 10 A
48%
2016 - 2017 AnderHerrera Saragosse - Bilbao - Manchester United - Psg - Bilbao - Boca Juniors 2 M
48%
2018 - 2019 DaniParejo Castilla Madrid - Qpr - Real Madrid - Getafe - Valence - Villarreal 4 M
48%
2018 - JoseGaya Valence 22 D
48%
2009 - 2013 AlavroNegredo Madrid Castilla - Almeria - Seville - Manchester City - Valence - Middlesbrough - Besiktas - Al Nasr - Cadiz - Valladolid 20 A
46%
2025 - JesusRodriguez Betis - Como 1 A
46%
2021 - 2021 OscarRodriguez Castilla Madrid - Leganes - Seville ,- Getafe - Celta Vigo - Getafe 1 M
46%
2016 - 2020 HectorBellerin Watford - Arsenal - Betis - Barcelone - Sporting Lisbonne - Betis 4 D
45%
2002 - 2011 JoanCapdevila Espanyol - Atletico Madrid - La Corogne - Villarreal - Benfica - Espanyol - NorthEast United - Lierse Sk - Fc Santa Coloma 60 D
45%
2014 - 2017 JoseCallejon Madrid Castilla - Espanyol - Real Madrid - Napoli - Fiorentina - Granada - Marbella 5 A
45%
2014 - 2016 Nolito Barcelone - Benfica - Granada - Celta Vigo - Manchester City - Seville - Celta Vigo - Ibiza 16 A
45%
2014 - 2023 Rodrigo Castilla Madrid - Bolton - Benfica - Valence - Leeds - Al Rayyan 28 A
45%
2016 - 2016 SergioRico Seville - Fulham - Psg - Majorque - Psg 1 G
42%
2017 - 2017 AsierIllarramendi Real Sociedad - Real Madrid - Real Sociedad - Dallas - Kitchee 3 M
40%
2021 - 2021 BrahimDiaz Manchester City - Real Madrid - Milan - Real Madrid 1 M/A
40%
2009 - 2018 NachoMonreal Osasuna - Malaga - Arsenal - Real Sociedad 22 D
40%
2024 - SergioGomez Barcelone B - Borussia Dortmund - Sd Huesca - Rsc Anderlecht - Manchester City - Real Sociedad 1 D/M/A
40%
2010 - 2017 AritzAduriz Bilbao - Burgos - Valladolid - Bilbao - Majorque - Valence - Bilbao 13 A
39%
2021 - YeremiPino Villarreal - Crystal Palace 19 A
39%
2017 - 2018 AlavaroOdriozola Real Sociedad - Real Madrid - Bayern - Real Madrid - Fiorentina - Real Madrid - Real Sociedad 4 D
37%
2024 - AyozePerez Tenerife - Newcastle - Leicester - Betis - Villarreal 4 A
37%
2022 - BorjaIglesias Celta Vigo - Saragosse - Espanyol - Betis - Bayer Leverkusen - Celta Vigo 5 A
37%
2014 - 2017 Gerard Deulofeu Barcelone - Everton - Seville - Everton - Milan - Barcelone - Watford - Udinese 4 A
37%
2024 - MarcCasado Barcelone 2 M
36%
2024 - PabloBarrios Atletico Madrid 4 M
34%
2019 - 2021 SergioReguilon Logrones - Real Madrid - Seville - Tottenham - Atletico Madrid - Manchester United - Brentford - Tottenham 6 D
34%
2021 - Bryan Gil Seville - Leganes - Eibar - Tottenham - Valence - Tottenham - Seville - Tottenham - Girona 5 A
33%
2021 - OscarMingueza Barcelone - Celta Vigo 4 D
33%
2007 - 2013 RobertoSoldado Real Madrid - Osasuna - Real Madrid - Getafe - Valence - Tottenham - Villarreal - Fenerbahce - Granada - Levante 13 A
33%
2021 - 2021 OscarGil Elche - Espanyol 1 D
31%
2016 - PabloFornals Malaga - Villarreal - West Ham - Betis 7 M
28%
2018 - 2019 MarioHermoso Valladolid - Castilla Madrid - Espanyol - Atletico Madrid - Roma - Bayer Leverkusen - Roma 5 D
27%
2023 - OihanSancet Bilbao 4 M
27%
2023 - AlexBaena Villarreal - Girona - Villarreal - Atletico Madrid 14 M
25%
2024 - AlexRemiro Levante - Huesca - Real sociedad 2 G
25%
2024 - DaniVivian Bilbao - Mirandes - Bilbao 10 D
25%
2008 - 2013 AlvaroArbeola Real Madrid - La Corogne - Liverpool - Real Madrid - West Ham 56 D
24%
2019 - 2023 SergioCanales Santander - Real Madrid - Valence - Real Sociedad - Betis - Monterrey 11 M
24%
2016 - 2016 DenisSuarez Manchester City - Barcelone B - Seville - Villarreal - Barcelone - Arsenal - Celta Vigo - Espanyol - Villarreal - Alaves 1 M
22%
2012 - 2019 IkerMuniain Bilbao - San Lorenzo 2 M/A
22%
2013 - 2015 MarioSuarez Atletico Madrid - Valladolid - Celta Vigo - Majorque - Atletico Madrid - Fiorentina - Watford - Valence - Hengfeg - Vallecano 3 M
22%
2017 - 2019 Suso Liverpool - Almeria - Milan - Genoa - Milan - Seville - Cadiz 5 A
22%
2017 - 2017 LuisAlberto Seville - Barcelone B - Liverpool - Malaga - La Corogne - Lazio - Al duhail 1 M
21%
2006 - 2010 MarcosSenna Corinthians - Sao Caetano - Villarreal - New York Cosmos 28 M
21%
2024 - SamuelOmorodion Aghehowa Fc Grenada - Alaves - Fc Porto 4 A
21%
2023 - 2025 BryanZaragoza Granada - Bayern Munich - Osasuna - Celta Vigo 3 A
19%
2015 - 2015 AleixVidal Pantrhakikos - Gimnastic - Majorque B - Almeria - Seville - Barcelone - Seville - Alaves - Seville - Espanyol 1 D/A
18%
2011 - 2011 BorjaValero Real Madrid - Majorque - West Bromwich - Majorque - Villarreal - Fiorentina - Inter - Fiorentina 1 M
18%
2014 - 2014 MunirEl Haddadi Barcelone - Valence - Alaves - Barcelone - Seville - Getafe - Las Palmas - Esteghlal 1 A
18%
2013 - 2013 CristianTello Barcelone - Porto - Fiorentina - Betis - Los Angeles Fc - Al Fateh 1 A
16%
2023 - RodrigoRiquelme Atletico Madrid - Bournemouth - Mirandes - Girona - Atletcio Madrid 2 A
16%
2018 - 2021 BraisMendez Celta Vigo - Real Sociedad 4 M
15%
2021 - 2021 JuanMiranda Barcelone - Schalke - Betis - Bologna 1 D
15%
2015 - 2017 Vitolo Las Palmas - Seville - Las Palmas - Atletico Madrid - Getafe - Las Palmas 12 A
15%
2016 - 2016 SergioAsenjo Valladolid - Atletico Madrid - Malaga - Atletico Madrid - Villarreal - Valladolid 1 G
13%
2008 - 2011 AndoniIraola Bilbao - New York City 7 D
12%
2002 - 2011 CarlosMarchena Seville - Benfica - Valence - Villarreal - La Corogne - Kerala Blasters 69 D
12%
2013 - 2013 Michu Oviedo - Celta Vigo - Vallecano - Swansea - Napoli - Oviedo 1 A
12%
2021 - 2022 RaulDe Tomas Castilla Madrid - Cordoba - Valladolid - Vallecano - Benfica - Espanyol - Vallecano - Al Wakrah 4 A
10%
2012 - 2012 Benat Conquense - Betis - Bilbao - Macarthur 4 M
9%
2018 - 2018 JonnyOtto Celta Vigo - Wolverhampton - Paok 3 D
9%
2025 - JorgeDe Frutos Rayo Majadahonda - Real Madrid Castilla - Valladolid - Vallecano - Levante - Vallecano 1 A
9%
2015 - 2015 Juanmi Malaga - Santander - Malaga - Southampton - Real Sociedad - Betis - Al Riyadh - Cadiz 1 A
9%
2019 - 2019 UnaiNunez Bilbao - Celta Vigo 1 D
9%
2021 - 2021 AntonioBlanco Real Madrid - Cadiz - Alaves 1 M
7%
2010 - 2016 Bruno Villarreal 10 M
7%
2017 - 2017 JonathanViera Las Palmas - Valence - Vallecano - Standard Liege - Las Palmas - Beijing - Las Pamas - Beijing - Las Palmas - Almeria 1 M
7%
2024 - AitorParedes Bilbao 1 D
6%
2021 - 2021 HugoGuillamon Valence 3 D/M
6%
2011 - 2011 ManuDel Moral Huelva - Atletico Madrid - Getafe - Seville - Elche - Eibar - Valladolid - Numancia - Gimnastic - Majadahonda 1 A
6%
2015 - 2016 MarioGaspar Villarreal - Watford - Elche 3 D
6%
2023 - AlfonsoPedraza Villarreal - Lugo - Leeds - Alaves - Villarreal - Betis - Villarreal 1 D
4%
2021 - 2021 FranBeltran Vallecano - Celta Vigo 1 M
4%
2021 - 2021 JaviPuado Espanyol - Saragosse - Espanyol 1 A
4%
2012 - 2012 MarkelSusaeta Bilbao - Gamba Osaka - Melbourne City - Macarthur 1 A
4%
2012 - 2012 AlvaroDominguez Atletico Madrid - Borussia Monchengladbach 2 D
3%
2021 - 2021 GonzaloVillar Elche - Roma - Getafe - Sampdoria - Getafe - Granada 1 M
3%
2014 - 2014 IgnacioCamacho Atletico Madrid - Malaga - Wolfsburg 1 M
3%
2021 - 2021 AlexPozo Granada - Seville - Majorque - Eibar - Almeria 1 D
1%
2014 - 2014 AnderItturaspe Bilbao - Espanyol 2 M
1%
2020 - 2020 JoseCampana Seville - Crystal Palace - Nuremberg - Sampdoria - Porto - Alcorcon - Levante - Las Palmas 1 M
1%
2015 - 2015 XabiEtxeita Bilbao - Cartagena - Elche - Bilbao - Huesca - Getafe - Eibar - Amorebieta 1 D
1%
Aucun quiz correspondant
Distribution des résultats
% des personnes avec chaque résultat
Percentile par nombre de réponses
Votre historique - résultats
Vous n’avez pas pris ce quiz depuis la dernière actualisation